ห้องสมุดวิทยาลัยพยาบาลบรมราชชนนี ตรัง
Boromarajonani College Of Nursing,Trang Library
เปลี่ยนเป็นภาษาไทย

Change to English
 แสดงรายละเอียดบรรณานุกรม
  กลับหน้าหลัก

Brief Record : Get Marc (ISO 2709) : E-mail record : QR code ปิดหน้าต่าง
หนังสือใหม่ : เกี่ยวกับ Collections
LEADER 00000nam 2200000uu 4500
001    13399123912
003     BCNT
008    260701s||||||||th 000 0 tha d
020    9786166200188
050  4 WY32 ช112ก 2568
060  4 WY32 ช112ก 2568
100 0  ^aชญาดา แสนหลวง.
245 1   ^aการควบคุมการประกอบวิชาชีพ การพยาบาลและการผดุงครรภ์ : กฎหมายวิชาชีพและจรรยาบรรณพยาบาล =^bNursing regulations : professional laws and code of ethicsfor nurses /^cชญาดา แสนหลวง, อุดมรัตน์ สงวนศิริธรรม.
246 3   ^aกฎหมายวิชาชีพและจรรยาบรรณพยาบาล
250    ^aพิมพ์ครั้งที่ 2 (ฉบับปรับปรุงครั้งที่ 1).
260    ^aเชียงใหม่ :^bโครงการตำราคณะพยาบาลศาสตร์ มหาวิทยาลัยเชียงใหม่, ^c2568.
300    ^a203 หน้า ;^c25 ซม
650  4 ^aการพยาบาล^vกฎหมายและระเบียบข้อบังคับ
999    ^aparamin
รายการนี้ยังไม่มีแท็ก
คุณยังไม่ได้ล็อกอิน คุณสามารถมีกิจกรรมร่วมกับเว็บไซต์ได้ แต่ต้องล็อกอินก่อน ::
  ล็อกอิน
ลำดับที่ ประเภท เลขเรียก สถานที่ สถานะ
1. หนังสือ
หนังสือ
WY32 ช112ก 2568 c.1 
  
ห้องสมุดสาขาหลัก
►ระบบ NLM
On Shelf
2. หนังสือ
หนังสือ
WY32 ช112ก 2568 c.2 
  
ห้องสมุดสาขาหลัก
►ระบบ NLM
On Shelf
3. หนังสือ
หนังสือ
WY32 ช112ก 2568 c.3 
  
ห้องสมุดสาขาหลัก
►ระบบ NLM
On Shelf
4. หนังสือ
หนังสือ
WY32 ช112ก 2568 c.4 
  
ห้องสมุดสาขาหลัก
►ระบบ NLM
On Shelf
5. หนังสือ
หนังสือ
WY32 ช112ก 2568 c.5 
  
ห้องสมุดสาขาหลัก
►ระบบ NLM
On Shelf
   [แสดง 5/5 รายการ]

BibComment


ยังไม่เคยถูกคอมเมนท์

คอมเมนท์ทรัพยากรรายการนี้
  คอมเมนท์: การควบคุมการประ..
Bib 13399123912

 
 
 

 Union Library Management : ULibM
Copyright 2026. All Rights Reserved.